Stavební kameny čs. ekonomické reformy. Rozhovor s dr. Janem Švejnarem, profesorem z Pittsburghu.
Výhrady k dôsledkom privatizácie prostredníctvom majetkových kupónov a k rozvoju malých a stredných podnikov v ČSFR. Stanovisko k rozvíjaniu finančného trhu a k pozitívnej úlohe zahraničných bánk. Priority ekonomickej reformy. Skúsenosti z fungovania vysokoškolského systému v zahraničí a ich použite...
Saved in:
| Main Author: | |
|---|---|
| Other Authors: | |
| Format: | Book Chapter |
| Language: | Czech |
| Subjects: | |
| Tags: |
No Tags, Be the first to tag this record!
|
MARC
| LEADER | 00000naa a2200000 4500 | ||
|---|---|---|---|
| 001 | r004591 | ||
| 005 | 20221125080245.0 | ||
| 041 | 0 | |a cze | |
| 044 | |a [CS] | ||
| 245 | 1 | 0 | |a Stavební kameny čs. ekonomické reformy. |b Rozhovor s dr. Janem Švejnarem, profesorem z Pittsburghu. |c J. Švejnar, P. Zahradník |
| 520 | |a Výhrady k dôsledkom privatizácie prostredníctvom majetkových kupónov a k rozvoju malých a stredných podnikov v ČSFR. Stanovisko k rozvíjaniu finančného trhu a k pozitívnej úlohe zahraničných bánk. Priority ekonomickej reformy. Skúsenosti z fungovania vysokoškolského systému v zahraničí a ich použiteľnosť v ČSFR. | ||
| 610 | 2 | 0 | |a reformy hospodárske |
| 610 | 2 | 0 | |a privatizácia |
| 610 | 2 | 0 | |a ČSFR |
| 610 | 2 | 0 | |a trh peňažný |
| 610 | 2 | 0 | |a banky medzinárodné |
| 100 | 1 | |a Švejnar, J. | |
| 700 | 1 | |a Zahradník, Petr | |